Pokemon with only 4 letter in their name - Statistics

General Stats
  • This quiz has been taken 2,973 times
  • The average score is 4 of 11
Answer Stats
Hint Answer % Correct
Abra
59%
Ho-oh
53%
Jynx
48%
Onix
42%
Xatu
36%
Natu
35%
Seel
35%
Aron
31%
Sawk
27%
Uxie
27%
Axew
24%
No matching quizzes found
Score Distribution
Percent of People with Each Score
Percentile by Number Answered
Your Score History
You have not taken this quiz